KOHA-Header-6

Pakistan Ki Siyasi Tareekh (Record no. 12697)

000 -LEADER
fixed length control field 00235nam a22001097a 4500
082 ## - DEWEY DECIMAL CLASSIFICATION NUMBER
Classification number 954.91
100 ## - MAIN ENTRY--AUTHOR NAME
Personal name Ahmed Saleem
245 ## - TITLE STATEMENT
Title Pakistan Ki Siyasi Tareekh
250 ## - EDITION STATEMENT
Edition statement Vol.1
260 ## - PUBLICATION, DISTRIBUTION, ETC. (IMPRINT)
Place of publication Pakistan
Name of publisher Darulshaour
Year of publication 2018
942 ## - ADDED ENTRY ELEMENTS (KOHA)
Koha item type Books
Holdings
Withdrawn status Lost status Collection code Permanent Location Current Location Shelving location Date acquired Full call number Accession Number Koha item type
      MAJU MAJU   2020-11-19 954.91 9879 Pakistan Studies
      MAJU MAJU   2020-11-19 954.91 9880 Pakistan Studies
      MAJU MAJU   2020-11-19 954.91 9881 Pakistan Studies
      MAJU MAJU   2020-11-19 954.91 9882 Pakistan Studies

Powered by Koha